书目信息 |
| 题名: |
齐白石的一生
|
|
| 作者: | 张次溪 著 | |
| 分册: | ||
| 出版信息: | 北京 人民美术出版社 2004.06 |
|
| 页数: | 223页 | |
| 开本: | 21cm | |
| 丛书名: | ||
| 单 册: | ||
| 中图分类: | K825.7 | |
| 科图分类: | ||
| 主题词: | 画家--hua jia--传记--中国--现代 | |
| 电子资源: | ||
| ISBN: | 7-102-01244-6 | |
| 000 | 00955nam0 2200253 450 | |
| 001 | 012007622717 | |
| 005 | 20071218092732.06 | |
| 010 | @a7-102-01244-6@dCNY15.00 | |
| 100 | @a20071218d2004 km y0chiy0120 ea | |
| 101 | 0 | @achi |
| 102 | @aCN@b110000 | |
| 105 | @ay z 000yb | |
| 106 | @ar | |
| 200 | 1 | @a齐白石的一生@Aqi bai shi de yi sheng@d= Lifetime of Qibaishi@f张次溪著@Fzhang ci xi zhu@zeng |
| 210 | @a北京@c人民美术出版社@d2004.06 | |
| 215 | @a223页@d21cm | |
| 330 | @a作者与齐白石有两代世交,本书根据齐老的口述整理而成。本书为与国画大师齐白石先生过从甚密的张次溪先生所作。内容详实,尤其收录了大量白石先生的轶事及题画诗,在同类传记作品中更突出了白石先生的治艺理论与见解。 | |
| 510 | 1 | @aLifetime of Qibaishi@zeng |
| 600 | 0 | @a齐白石,@Aqi bai shi@f1864-1957@x传记 |
| 606 | 0 | @a画家@Ahua jia@x传记@y中国@z现代 |
| 690 | @aK825.7@v4 | |
| 701 | 0 | @a张次溪@Azhang ci xi@4著 |
| 801 | 0 | @aCN@bQSSK@c20071218 |
| 905 | @b271137@dK825.7@eQ026@f1 | |
| 齐白石的一生= Lifetime of Qibaishi/张次溪著.-北京:人民美术出版社,2004.06 |
| 223页;21cm |
| ISBN 7-102-01244-6:CNY15.00 |
| 作者与齐白石有两代世交,本书根据齐老的口述整理而成。本书为与国画大师齐白石先生过从甚密的张次溪先生所作。内容详实,尤其收录了大量白石先生的轶事及题画诗,在同类传记作品中更突出了白石先生的治艺理论与见解。 |
| ● |
| 相关链接 |
|
|
|
正题名:齐白石的一生
索取号:K825.7/Q026
 
预约/预借
| 序号 | 登录号 | 条形码 | 馆藏地/架位号 | 状态 | 备注 |
| 1 | 271137 | 202711379 | 社科库309/309社科库 53排6列4层/ [索取号:K825.7/Q026] | 在馆 |